Biblioteca y Centro de Documentación

Medidas laborales previstas en la Ley Orgánica 1/2004, de 28 de diciembre, de medidas de protección integral contra la violencia de género (II) (Registro nro. 37044)

Detalles MARC
000 -CABECERA
Longitud fija campo de control 01011naa a2200253 c 4500
001 - NÚMERO DE CONTROL
Número de control 37044
003 - IDENTIFICADOR DE NÚMERO DE CONTROL
Identificador del número de control ES-MaCES
005 - FECHA Y HORA DE LA ÚLTIMA TRANSACCIÓN
Fecha y hora de la última transacción 20060905130600.0
008 - CAMPO FIJO DE DESCRIPCIÓN FIJA--INFORMACIÓN GENERAL
Códigos de información de longitud fija   060905n2005 sp t ||0 | spa d
035 ## - NÚMERO DE CONTROL DEL SISTEMA
Número de control del sistema CES20060013183v
040 ## - FUENTE DE CATALOGACIÓN
Centro catalogador de origen ES-MaCES
Lengua de catalogación spa
Centro transcriptor ES-MaCES
100 1# - ENCABEZAMIENTO PRINCIPAL--NOMBRE PERSONAL
Nombre de persona García Ninet, José Ignacio
9 (RLIN) 13001
245 10 - MENCIÓN DE TÍTULO
Título Medidas laborales previstas en la Ley Orgánica 1/2004, de 28 de diciembre, de medidas de protección integral contra la violencia de género (II)
Mención de responsabilidad, etc. José Ignacio García Ninet
610 14 - ASIENTO SECUNDARIO DE MATERIA--NOMBRE CORPORATIVO
Nombre de entidad corporativa o nombre de jurisdicción como elemento inicial España
Título de la obra Ley orgánica de medidas de protección integral contra la violencia de género
Fecha del congreso o de la firma de un tratado 2004
9 (RLIN) 3172
650 #4 - ASIENTO SECUNDARIO DE MATERIA--TÉRMINO DE MATERIA
Término de materia o nombre geográfico como elemento inicial condiciones de trabajo
9 (RLIN) 28327
650 #4 - ASIENTO SECUNDARIO DE MATERIA--TÉRMINO DE MATERIA
Término de materia o nombre geográfico como elemento inicial violencia
9 (RLIN) 29388
650 #4 - ASIENTO SECUNDARIO DE MATERIA--TÉRMINO DE MATERIA
Término de materia o nombre geográfico como elemento inicial protección social
9 (RLIN) 29076
650 #4 - ASIENTO SECUNDARIO DE MATERIA--TÉRMINO DE MATERIA
Término de materia o nombre geográfico como elemento inicial mujeres
9 (RLIN) 28657
653 10 - TÉRMINO DE INDEXACIÓN--NO CONTROLADO
Término no controlado Mujer
773 0# - ENTRADA DE DOCUMENTO FUENTE
Título Tribuna social
Parte(s) relacionada(s) n. 170 (feb. 2005){10448 R. 059685}; p. 5-10
Número de control del registro relacionado (ES-MaCES)25455
Itemnumber del ítem fuente 59524
902 ## - CES. TIPO DE DOCUMENTO
Tipodoc (006$c Sirtex) ART Artículo de revista
942 ## - ELEMENTOS KOHA
Fuente de clasificaión o esquema Clasificación propia del CES
Koha [por defecto] tipo de item Artículos (1982-2017)
Parte de clasificación 3.3.

No hay ítems disponibles.

© CES, Consejo Económico y Social de España 2021